| 000 | 02853nam a2200337Ia 4500 | ||
|---|---|---|---|
| 999 |
_c54791 _d54791 |
||
| 001 | 21859 | ||
| 003 | GE_BSU | ||
| 005 | 20220614170048.0 | ||
| 008 | 181216s ||||ge |||||||||||||| ||geo|| | ||
| 020 | _a9781847102762 | ||
| 040 | _cGE_BSU | ||
| 041 | _ageo | ||
| 080 | _a657.15(076.1) ფ-59 | ||
| 245 |
_aფინანსური აღრიცხვა წიგნი F3(INT) საგამოცდო სავარჯიშოები : _bპროფესიული გამოცდები / _cწიგნის თარგმანზე და გამოცემაზე მუშაობდნენ : პროექტის ხელმძღ. ლავრენტი ჭუმბურიძე, მთარგმნელი მარინა რევაზიშვილი, რედ. : თამარ ქარჩავა, ნადეჟდა კვატაშიძე, ანჟელი ხორავა. |
||
| 264 |
_aთბილისი : _bშპს ,,დანი", _c2008. |
||
| 300 |
_a160 გვ. ; _c29 სმ. |
||
| 490 | _aACCA ინგლისისა და უელსის ნაფიც სერტიფიცირებულ ბუღალტერთა ასოციაცია | ||
| 500 | _aამ წიგნის გამოცემა განხორციელდა ევრაზიის თანამშრომლობის ფონდის მხარდაჭერით შვედეთის საერთაშორისო განვითარების სააგენტოს (SIDA) სახსრებიდან | ||
| 500 | _aწიგნი განკუთვნილია ბუღალტერთა და აუდიტორთა პროფესიული სერტიფიცირებისათვის, იგი ასევე გამოადგება ეკონომიკური პროფილის სტუდენტებს | ||
| 541 | _h29ლ.50თ. | ||
| 653 | _aბუღალტერია | ||
| 653 | _aფინანსური აღრიცხვა | ||
| 653 | _aწიგნი F3(INT) | ||
| 653 | _a საგამოცდო სავარჯიშოები | ||
| 700 |
_aჭუმბურიძე, ლავრენტი _eპროექტის ხელმძღვანელი _914084 |
||
| 700 |
_aრევაზიშვილი, მარინა _eმთარგმნელი _913181 |
||
| 700 |
_aქარჩავა, თამარ _eრედაქტორი _914085 |
||
| 700 |
_aკვატაშიძე, ნადეჟდა _eრედაქტორი _913182 |
||
| 700 |
_aხორავა, ანჟელი _eრედაქტორი _913183 |
||
| 942 |
_cBK _2udc |
||